| 000 | 00509cam a2200205ua 4500 | ||
|---|---|---|---|
| 001 | 7922 | ||
| 005 | 20260515114253.0 | ||
| 008 | 141230n ii |||gr||||Z||||||hin | ||
| 040 | _cMAIN | ||
| 041 | _ahin | ||
| 082 | _a891.433 | ||
| 100 |
_aSaraf, R., _eAuthor. |
||
| 245 | 1 |
_aNai kahani vighatan aur visangati _cBy Ramkali Saraf |
|
| 250 | _a1st. | ||
| 260 |
_aBaranasi: _bSanjay, _c1988. |
||
| 300 | _a199p. | ||
| 653 | _aEast Indo-European & Celtic literatures | ||
| 653 | _aHindi stories | ||
| 942 | _cBK | ||
| 999 |
_c7037 _d7037 |
||